ФХМА объектов химических и биомедицинских технологий: электронный курс
| Autore principale: | |
|---|---|
| Ente Autore: | |
| Riassunto: | Заглавие с экрана Курс предназначен для магистрантов 1 года обучения 1 семестра очной формы обучения по направлению 18.04.01 «Химическая технология». Целями курса являются: Ц. 1 Формирование знаний в области использования современных физико-химических методов для анализа объектов химических и биомедицинских технологий на подлинность и их количественного определения. Ц.2 Формирование навыков поиска научной информации в области структурного анализа органических веществ, в том числе, обладающих биологической активностью. Ц. 3 Формирование навыков проведения структурного анализа биологически активных веществ и составление отчета о полученных экспериментальных результатах.. Доступ по логину и паролю |
| Lingua: | russo |
| Pubblicazione: |
Томск, TPU Moodle, 2020
|
| Soggetti: | |
| Accesso online: | https://design.lms.tpu.ru/course/view.php?id=3542 |
| Natura: | MixedMaterials Elettronico Libro |
| KOHA link: | https://koha.lib.tpu.ru/cgi-bin/koha/opac-detail.pl?biblionumber=665810 |
MARC
| LEADER | 00000nlm0a2200000 4500 | ||
|---|---|---|---|
| 001 | 665810 | ||
| 005 | 20240208115156.0 | ||
| 035 | |a (RuTPU)RU\TPU\network\37014 | ||
| 035 | |a RU\TPU\network\37012 | ||
| 090 | |a 665810 | ||
| 100 | |a 20211116d2020 m y0rusy50 ca | ||
| 101 | 0 | |a rus | |
| 102 | |a RU | ||
| 105 | |a a j 000zy | ||
| 135 | |a jrcn ---uucaa | ||
| 181 | 0 | |a i | |
| 182 | 0 | |a b | |
| 200 | 1 | |a ФХМА объектов химических и биомедицинских технологий |e электронный курс |f Е. В. Степанова |g Национальный исследовательский Томский политехнический университет, Исследовательская школа химических и биомедицинских технологий | |
| 203 | |a Текст |c электронный | ||
| 210 | |a Томск |c TPU Moodle |d 2020 | ||
| 300 | |a Заглавие с экрана | ||
| 330 | |a Курс предназначен для магистрантов 1 года обучения 1 семестра очной формы обучения по направлению 18.04.01 «Химическая технология». Целями курса являются: Ц. 1 Формирование знаний в области использования современных физико-химических методов для анализа объектов химических и биомедицинских технологий на подлинность и их количественного определения. Ц.2 Формирование навыков поиска научной информации в области структурного анализа органических веществ, в том числе, обладающих биологической активностью. Ц. 3 Формирование навыков проведения структурного анализа биологически активных веществ и составление отчета о полученных экспериментальных результатах.. | ||
| 333 | |a Доступ по логину и паролю | ||
| 606 | 1 | |a Химическая технология |x Общие вопросы |2 stltpush |3 (RuTPU)RU\TPU\subj\68259 |9 83693 | |
| 606 | 1 | |a Биотехнология |2 stltpush |3 (RuTPU)RU\TPU\subj\28764 |9 52257 | |
| 610 | 1 | |a электронный ресурс | |
| 610 | 1 | |a труды учёных ТПУ | |
| 610 | 1 | |a электронное обучение | |
| 610 | 1 | |a электронные курсы ТПУ | |
| 610 | 1 | |a электронные учебные пособия | |
| 610 | 1 | |a учебные пособия | |
| 610 | 1 | |a дистанционное образование | |
| 610 | 1 | |a дистанционное обучение | |
| 610 | 1 | |a e-learning | |
| 610 | 1 | |a Moodle | |
| 610 | 1 | |a спектральные данные | |
| 610 | 1 | |a УФ-спектроскопия | |
| 610 | 1 | |a ИК-спектроскопия | |
| 610 | 1 | |a ЯМР-спектроскопия | |
| 610 | 1 | |a масс-спектроскопия | |
| 610 | 1 | |a хроматографические методы | |
| 675 | |a 66(075.8) |v 4 | ||
| 700 | 1 | |a Степанова |b Е. В. |c химик |c ведущий инженер Томского политехнического университета |f 1978- |g Елена Владимировна |3 (RuTPU)RU\TPU\pers\29588 |9 22602 | |
| 712 | 0 | 2 | |a Национальный исследовательский Томский политехнический университет |b Исследовательская школа химических и биомедицинских технологий |c (2017- ) |3 (RuTPU)RU\TPU\col\23537 |
| 801 | 2 | |a RU |b 63413507 |c 20220601 |g RCR | |
| 856 | 4 | |u https://design.lms.tpu.ru/course/view.php?id=3542 | |
| 942 | |c CF | ||